Sanat - "Petteri punakuono" - Statistics

Yleistilastot
  • Tätä visaa on pelattu 55 kertaa
  • Keskiarvotulos 53 / 62
Vastaustilastot
Vastaus % Oikein
poro
100%
poro
100%
ei
98%
huono
98%
loiste
98%
oli
98%
ollut
98%
Petteri
98%
Petteri
98%
Petteri
98%
punakuono
98%
nimeltään
95%
ja
93%
ja
93%
Petterimme
93%
harmaan
91%
jää
91%
Lumikin
91%
mutta
91%
Punahilkan
91%
sudenkin
91%
tää
91%
toiset
91%
illoin
88%
majakaksi
88%
Muistat
88%
pilkaten
88%
silloin
88%
Tuhkimon
88%
usein
88%
haukkuivat
86%
joulupukki
86%
nenänpään
86%
on
86%
pimeään
86%
pitkä
86%
Ruususen
86%
sulta
86%
valon
86%
valoton
86%
varmaan
86%
Aattoilta
84%
saikin
84%
siitä
84%
tuoda
84%
vois
84%
aattehen
81%
asti
81%
kiskoen
79%
pukin
79%
pulkkaa
79%
taival
77%
kilttien
74%
lasten
74%
luokse
74%
nenässään
74%
riemuisasti
70%
johtaa
67%
tuosta
67%
unhohon
67%
sen
63%
vain
63%
Ehtoja vastaavia visoja ei löytynyt
Tulosjakauma
Jokaisen tuloksen saaneiden osuus
Persentiili vastausten määrän mukaan
Tuloshistoriasi
Et ole pelannut tätä visaa